Chemical composition of various plant species (Record no. 43752)

MARC details
000 -LEADER
fixed length control field 00395nam a2200133Ia 4500
082 ## - DEWEY DECIMAL CLASSIFICATION NUMBER
Classification number 581.192
Item number HOU
100 ## - MAIN ENTRY--AUTHOR NAME
Personal name Houba, V J G
245 #0 - TITLE STATEMENT
Title Chemical composition of various plant species
260 ## - PUBLICATION, DISTRIBUTION, ETC. (IMPRINT)
Place of publication Netherlands
Name of publisher Dept of soil science and plant nutrition
Year of publication 1994
650 ## - SUBJECT ADDED ENTRY--TOPICAL TERM
Topical Term Rubber plant analysis
700 ## - ADDED ENTRY--PERSONAL NAME
Personal name Uittenbogaard, J
942 ## - ADDED ENTRY ELEMENTS (KOHA)
Koha item type Books
Holdings
Withdrawn status Lost status Damaged status Not for loan Home library Current library Date acquired Source of acquisition Full call number Accession Number Koha item type
        RRII Library RRII Library 16/12/2021 Gift 581.192 HOU G00504 Books